• 首页
  • 本馆介绍
  • 公告通知
  • 最新文献
  • 馆藏检索
  • 电子资源
  • 读者导购
  • 参考咨询
  • 我的图书馆
  • 登录
  • 详细信息显示
  • 放入我的书架
  • 预约/预借图书
  • 作者相关作品
  • 分类相关作品
  • 丛书相关作品
  • 出版社相关作品

书目信息

  • 表格格式
  • 工作单格式
  • 卡片格式
题名:
非稳态电磁场A-ф方法
    
 
作者: 马昌凤 著
分册:  
出版信息: 北京   科学出版社  2008
页数: 136页
开本: 24cm
丛书名:
单 册:
中图分类: TM153
科图分类:
主题词: 电磁场--数值计算--计算方法 , 电磁场 , 数值计算 , 计算方法
电子资源:
ISBN: 978-7-03-021947-3
000 00866nam0 2200265 45
001 1050677312
005 20100420094712.87
010    @a978-7-03-021947-3@dCNY36.00
100    @a20100408d2008 em y0chiy0120 ea
101 0  @achi
102    @aCN@b110000
105    @ay z 000yy
106    @ar
200 1  @a非稳态电磁场A-ф方法@AFei Wen Tai Dian Ci Chang A-ф Fang Fa@f马昌凤著@FMa Chang Feng Zhu
210    @a北京@c科学出版社@d2008
215    @a136页@d24cm
330    @a本书内容包括:绪论、多介质低频电磁场A-ф方法、低频电磁场分数步A-ф方法、三维涡流场A-ф+A方法、三维涡流场A-ф+ф方法、控制源电磁问题H-ф方法等。
606 0  @a电磁场@x数值计算@x计算方法
606 0  @a电磁场
606 0  @a数值计算
606 0  @a计算方法
690    @aTM153@v4
701  0 @a马昌凤@AMa Chang Feng@4著
801  0 @aCN@bTANGWEI@c20100420
905    @b0589397-401@dTM153@e5@f5
    
    非稳态电磁场A-ф方法/马昌凤著.-北京:科学出版社,2008
    136页;24cm
    
    
    ISBN 978-7-03-021947-3:CNY36.00
    本书内容包括:绪论、多介质低频电磁场A-ф方法、低频电磁场分数步A-ф方法、三维涡流场A-ф+A方法、三维涡流场A-ф+ф方法、控制源电磁问题H-ф方法等。
●
相关链接 在E读中查询图书 在五车中查询图书 在当当中查询图书 在豆瓣中查询图书


正题名:非稳态电磁场A-ф方法     索取号:TM153/5         预约/预借

序号 登录号 条形码 馆藏地/架位号 状态 备注
1 0589397   205893979   第二样本阅览室/ [索取号:TM153/5] 在馆    
2 0589398   205893988   第三借阅区/ [索取号:TM153/5] 在馆    
3 0589399   205893997   第三借阅区/ [索取号:TM153/5] 在馆    
4 0589400   205894004   第三借阅区/ [索取号:TM153/5] 在馆    
5 0589401   205894013   第三借阅区/ [索取号:TM153/5] 在馆    
唐山师范学院图书馆 欢迎您!
大连网信软件有限公司© 版权所有